Butterworth medico-legal reports, Vol. 18 1994/ : (Record no. 4975)

MARC details
000 -LEADER
fixed length control field 01330cam a2200361 a 4500
001 - CONTROL NUMBER
control field 14792154
003 - CONTROL NUMBER IDENTIFIER
control field OSt
005 - DATE AND TIME OF LATEST TRANSACTION
control field 20120110111638.0
008 - FIXED-LENGTH DATA ELEMENTS--GENERAL INFORMATION
fixed length control field 070330s2006 ne b 000 0 eng
010 ## - LIBRARY OF CONGRESS CONTROL NUMBER
LC control number 2007440374
020 ## - INTERNATIONAL STANDARD BOOK NUMBER
International Standard Book Number 0406045968
035 ## - SYSTEM CONTROL NUMBER
System control number (CaONFCNI)ny573672001
040 ## - CATALOGING SOURCE
Original cataloging agency DDC
Transcribing agency DLC
Modifying agency DLC
043 ## - GEOGRAPHIC AREA CODE
Geographic area code e------
050 00 - LIBRARY OF CONGRESS CALL NUMBER
Classification number HV8593
Item number .C34 2006
082 00 - DEWEY DECIMAL CLASSIFICATION NUMBER
Classification number 362.8765
Edition number 22
245 00 - TITLE STATEMENT
Title Butterworth medico-legal reports, Vol. 18 1994/ :
Remainder of title medico-legal reports and the Istanbul Protocol in asylum procedures /
Statement of responsibility, etc edited by René Bruin, Marcelle Reneman, Evert Bloemen.
260 ## - PUBLICATION, DISTRIBUTION, ETC. (IMPRINT)
Place of publication, distribution, etc London :
Name of publisher, distributor, etc Butterworths,
Date of publication, distribution, etc c1994.
300 ## - PHYSICAL DESCRIPTION
Extent 163 p. ;
Dimensions 24 cm.
504 ## - BIBLIOGRAPHY, ETC. NOTE
Bibliography, etc Includes bibliographical references.
650 #0 - SUBJECT ADDED ENTRY--TOPICAL TERM
Topical term or geographic name as entry element Torture.
9 (RLIN) 5902
650 #0 - SUBJECT ADDED ENTRY--TOPICAL TERM
Topical term or geographic name as entry element Torture (International law)
9 (RLIN) 5903
650 #0 - SUBJECT ADDED ENTRY--TOPICAL TERM
Topical term or geographic name as entry element Asylum, Right of.
9 (RLIN) 5904
650 #0 - SUBJECT ADDED ENTRY--TOPICAL TERM
Topical term or geographic name as entry element Asylum, Right of
Geographic subdivision European Union countries.
9 (RLIN) 6293
650 #0 - SUBJECT ADDED ENTRY--TOPICAL TERM
Topical term or geographic name as entry element Medical jurisprudence.
9 (RLIN) 5906
700 1# - ADDED ENTRY--PERSONAL NAME
Personal name Bruin, Reńe.
9 (RLIN) 5907
700 1# - ADDED ENTRY--PERSONAL NAME
Personal name Reneman, Marcelle.
9 (RLIN) 5908
700 1# - ADDED ENTRY--PERSONAL NAME
Personal name Bloemen, Evert.
9 (RLIN) 5909
906 ## - LOCAL DATA ELEMENT F, LDF (RLIN)
a 7
b cbc
c origres
d 2
e ncip
f 20
g y-gencatlg
942 ## - ADDED ENTRY ELEMENTS (KOHA)
Source of classification or shelving scheme Dewey Decimal Classification
Koha item type Law Reports
Holdings
Withdrawn status Lost status Source of classification or shelving scheme Damaged status Not for loan Home library Current library Shelving location Date acquired Total Checkouts Full call number Barcode Date last seen Price effective from Koha item type
    Dewey Decimal Classification     Law Development Centre Main Library Law Development Centre Main Library Law Reports 01/10/2012   362.8765 3481/2012 01/10/2012 01/10/2012 Law Reports